000 00433cam a2200169ua 4500
020 _c600.00
041 _aeng
_h
082 _a631.8
_bVAN/FE
100 _aVan slyke, Lucius L .
245 _aFertilisers and crop production /
_cLucius L Van slyke.
_hTextual Documents
260 _a :
_bAgro botanical publishers ,
_c1993.
300 _a495 ; .
365 _a600.00
504 _a
942 _cBK
999 _c2688
_d2688